000 00467nam a2200181Ia 4500
005 20250326143605.0
008 250326s9999 xx 000 0 und d
037 _aTextbook
040 _aFMSL
_beng
_cFMSL
041 _aeng
_2eng
084 _aX:891 P4
_qFMSL
100 _aICFAI
245 0 _aFicial derivatieves
_cICFAI
260 _aIndia
_bIndia, ICFAI University
_c2004
300 _a199p
942 _cTB
_hX:891 P4
999 _c1300180
_d1300180